00223nam a2200085Ia 4500008004100000022001400041245003400055260004000089650000800129230205s9999 xx 000 0 und d a0039-5951 0aThe Supreme Court Cases (SCC) bEastern Book CompanyaLucknowc2021 aLaw